| 000 | 00831nam a22002537a 4500 | ||
|---|---|---|---|
| 001 | 52923 | ||
| 003 | UA-OsUOA | ||
| 005 | 20230703143255.0 | ||
| 007 | ta | ||
| 008 | 20080306b un ||||| |||| 00| 0 ukr d | ||
| 020 | _a9789664650745 | ||
| 040 |
_aUA-OsUOA _bukr _cUA-OsUOA _dUA-OsUOA |
||
| 041 | _aukr | ||
| 080 | _a726(477+438)(084) | ||
| 090 |
_a726(477+438)(084) _bУ45 |
||
| 245 |
_aУкраїна – Польща: спадщина століть _bальбом _cІрина Магдиш, Тарас Возняк ; ред. Олена Крушинська |
||
| 260 |
_aК. _bГрані-Т _c2007 |
||
| 300 | _a160 с. | ||
| 650 | 7 |
_a72 Архітектура _2UDC |
|
| 700 | 1 |
_aКрушинська О. _eред. |
|
| 942 |
_cBK _2udc |
||
| 955 | _a6 | ||
| 999 |
_c339006 _d339006 |
||